| 000 | 01687nam0a22003131 4500 | ||
|---|---|---|---|
| 001 | rc\4993615 | ||
| 005 | 20260407172411.0 | ||
| 021 |
_aRU _b[60-309] |
||
| 035 | _a(NLR Aleph) 008988970 | ||
| 090 |
_a9234107 _c9234107 |
||
| 100 | _a20130430d1960 |||y0rusy50 ca | ||
| 101 | 0 | _arus | |
| 102 | _aRU | ||
| 105 | _aa z ||||| | ||
| 200 | 1 |
_aСпектральный анализ в цветной металлургии _eТруды III совещания спектроскопистов-аналитиков цв. металлургии _f[Ред. коллегия: В.В. Полякова (отв. ред.) и др.] _gНауч.-техн. о-во цв. металлургии |
|
| 210 |
_aМосква _cМеталлургиздат _d1960 |
||
| 215 |
_a408 с. _cил. _d23 |
||
| 320 | _aБиблиогр. в конце докладов | ||
| 606 |
_aЦветная металлургия _xТехно-химический контроль _jСборники _2psbo |
||
| 606 |
_aЦветные металлы _xСпектральный анализ _jСборники _2psbo |
||
| 606 |
_aМеталлургические материалы _xСпектральный анализ _jСборники _2psbo |
||
| 702 | 1 |
_4340 _aПолякова _bВ. В. _cканд. техн. наук _gВера Васильевна _9262224 _3RU\NLR\AUTH\770262280 |
|
| 712 | 1 | 2 |
_aВсесоюзное совещание спектроскопистов-аналитиков цветной металлургии _d3 _eМосква _f1957 _9718364 _3RU\NLR\AUTH\8810109095 |
| 801 | 0 |
_aRU _bNLR _gpsbo |
|
| 801 | 1 |
_aRU _bELAR _2rusmarc |
|
| 852 |
_aNLR _j59-5/5640 |
||
| 942 | _cBOOK | ||
| 980 | _aNB | ||